000 00649nam a2200193Ia 4500
008 151119s9999||||xx |||||||||||||| ||und||
082 _a920.054
082 _bGKKV5555
100 _aभोगले शांताराम
245 _aआधुनिक भारतीय विचारवंत
260 _a--
260 _b--
260 _c1985
600 _aभोगले शांताराम
630 _aआधुनिक भारतीय विचारवंत
700 _aभोगले शांताराम
730 _aआधुनिक भारतीय विचारवंत
942 _cBOOK
999 _c1060576
_d1060573